| 000 | 00410nam a22001457a 4500 | ||
|---|---|---|---|
| 082 |
_a530 _bDOU _cL-22:P-20 |
||
| 100 |
_aDouglas,J.F, _98815 |
||
| 245 |
_aFluid Mechanics _cJ.F,Douglas |
||
| 250 | _avolumn 2nd | ||
| 260 |
_aBritain _bGreat Britain at the Bath Press, Avon _c1985 |
||
| 300 |
_ap746. : _bill. ; _c10 cm. |
||
| 526 |
_a0 _b0 _c0 _d530_000000000000000_DOU |
||
| 650 |
_aMCE _9379 |
||
| 942 |
_2ddc _cBK |
||
| 999 |
_c544144 _d544144 |
||